Delitos contra la integridad sexual: análisis de la Ley 25.087. Abuso sexual. Acceso carnal. Inmadurez sexual. Corrupción. Prostitución. Pornografía. Acción penal. Antecedentes parlamentarios.

Uloženo v:
Podrobná bibliografie
Hlavní autor: Edwards, Carlos Enrique
Médium: Kniha
Jazyk:španělština
Vydáno: Buenos Aires, Argentina Depalma 1999
Edice:Abriendo Surcos
Témata:
Tagy: Přidat tag
Žádné tagy, Buďte první, kdo vytvoří štítek k tomuto záznamu!

MARC

LEADER 00000nam a2200000 a 4500
001 UCM9184
003 CL-VaPUC
005 20211119074515.0
008 030411e19990000AG |||||||||||||||||spa|d
999 |c 303560  |d 303558 
040 |c Pontificia Universidad Católica de Valparaíso 
082 0 4 |a 364.153 EDW 1999  |2 21 
100 0 |a Edwards, Carlos Enrique  |9 475640 
245 1 0 |a Delitos contra la integridad sexual: análisis de la Ley 25.087. Abuso sexual. Acceso carnal. Inmadurez sexual. Corrupción. Prostitución. Pornografía. Acción penal. Antecedentes parlamentarios. 
260 0 3 |a Buenos Aires, Argentina  |b Depalma  |c 1999 
300 |a 109 páginas 
490 0 |a Abriendo Surcos 
583 |a last modification  |c 20030411 00:00:00  |k Rodrigo Vera 
650 0 |a Delitos sexuales  |9 256093 
650 0 |a Abuso sexual  |9 475641 
650 0 |a Prostitución   |9 344312 
650 7 |a PORNOGRAFIA  |2 CL-VaPUC  |9 255611 
650 0 |a Penas   |9 255927 
942 |c BK  |2 ddc 
945 |d 20030411 00:00:00  |a cmena 
952 |0 0  |1 0  |2 ddc  |4 0  |6 364_153000000000000_EDW_1999  |7 0  |8 A  |9 364946  |a BIBDER  |b BIBDER  |d 2019-11-21  |i 3892409  |o 364.153 EDW 1999  |p 3892409  |r 2023-01-25  |t 1  |w 2019-11-21  |y BK  |k DER